Você é a História Do Homem das Revoluções à Nova Ordem Mundial
Gespeichert in:
| 1. Verfasser: | |
|---|---|
| Weitere Verfasser: | |
| Format: | Buch |
| Sprache: | Portugiesisch |
| Erschienen: |
Rio de Janeiro
Ao Livro Técnico
1995
|
| Ausgabe: | S/e |
| Katalog: | MANES: Suchergebnis im Bibliothekskatalog |
| Schulbuchspezifische Eigenschaften: |
|
| Schriftenreihe: | Você é a História Do Homem das Revoluções à Nova Ordem Mundial
|
| Tags: |
Tag hinzufügen
Keine Tags, Fügen Sie den ersten Tag hinzu!
|
| Hinzugefügt zu: | 11.02.2025 |
| Geändert in: | 07.05.2025 |
MARC
| LEADER | 00000nam a22000007a 4500 | ||
|---|---|---|---|
| 005 | 20250507124322.0 | ||
| 008 | 250212b |||||||| |||| 00| 0 por d | ||
| 040 | |a centro_manes |c ponta_grossa | ||
| 100 | |a Aquino, Rubim Santos Leão de |9 43141 | ||
| 245 | |a Você é a História |b Do Homem das Revoluções à Nova Ordem Mundial | ||
| 250 | |a S/e | ||
| 260 | |a Rio de Janeiro |b Ao Livro Técnico |c 1995 | ||
| 300 | |a 260 p. |c 27 x 21 cm. | ||
| 440 | |a Você é a História |p Do Homem das Revoluções à Nova Ordem Mundial |9 44709 | ||
| 500 | |a O livro possui ilustrações e mapas coloridos e está dividido em 10 partes: Parte I: A Burguesia foi à luta; Parte II: Uma Nação, um Estado, um Rei; Parte III: A burguesia tomou o mundo nas mãos; Parte IV: Um mundo em crise; Parte V: Avanços e recuos da Igreja Católica; Parte VI: A América é dos americanos?; Parte VII: A luta contra o Colonialismo; Parte VIII: Expansão e crise do socialismo; Parte IX: O capitalismo voltou a dominar?; Parte X: As relações internacionais foram pacíficas?. | ||
| 546 | |a brasil | ||
| 561 | |5 br-UEPG |a Brasil. Universidade Estadual de Ponta Grossa |k MANES | ||
| 690 | 0 | |a HI | |
| 691 | |a PRI | ||
| 700 | |a Ribeiro, Marta Regina da Cunha Ribeiro |9 44707 | ||
| 942 | |2 ddc |c BK | ||
| 999 | |c 104151 |d 104151 | ||
| 999 | |c manes:104151 |d 104151 | ||